Circuitos de microondas con líneas de transmisión

Salvato in:
Dettagli Bibliografici
Autore principale: Bará Temes, Xavier (Autore)
Natura: Libro
Lingua:spagnolo
Pubblicazione: Ciudad de México Alfaomega 2000
Serie:Alfaomega, 458
Soggetti:
Tags: Aggiungi Tag
Nessun Tag, puoi essere il primo ad aggiungerne!!

MARC

LEADER 00000nam a2200000 a 4500
001 UCO8384
003 CL-VaPUC
008 001201e20000000MX |||||||||||||||||spa|d
082 0 4 |a 621.3813  |b BAR  |2 21 
100 0 |a Bará Temes, Xavier  |e author  |9 453302 
245 1 0 |a Circuitos de microondas con líneas de transmisión 
300 |a 254 p 
942 |c BK 
945 |d 20001201 00:00:00  |a vberengu 
260 |a Ciudad de México  |b Alfaomega  |c 2000 
650 0 |a Circuitos electrónicos  |9 260204 
650 7 |a LINEAS DE TRANSMISION  |2 CL-VaPUC  |9 453303 
650 0 |a Propagación de ondas  |9 263256 
583 |a last modification  |c 20001201 00:00:00  |k Rodrigo Vera 
490 0 |a Alfaomega, 458 
999 |c 293051  |d 293049 
952 |0 0  |1 0  |4 0  |6 621_381300000000000_BAR_2000  |7 0  |8 A  |9 344202  |a BIBING  |b BIBING  |d 2019-11-20  |i 3673642  |o 621.3813 BAR 2000  |p 3673642  |r 2025-01-20  |w 2019-11-20  |y BK  |k EIE 
952 |0 0  |1 0  |4 0  |6 621_381300000000000_BAR_2000  |7 0  |8 A  |9 344203  |a BIBING  |b BIBING  |d 2019-11-20  |i 3673650  |o 621.3813 BAR 2000  |p 3673650  |r 2025-01-20  |w 2019-11-20  |y BK  |k EIE 
952 |0 0  |1 0  |4 0  |6 621_381300000000000_BAR_2000  |7 0  |8 A  |9 344204  |a BIBING  |b BIBING  |d 2019-11-20  |i 3673669  |o 621.3813 BAR 2000  |p 3673669  |r 2025-01-20  |w 2019-11-20  |y BK  |k EIE 
952 |0 0  |1 0  |4 0  |6 621_381300000000000_BAR_2000  |7 0  |8 A  |9 344205  |a BIBING  |b BIBING  |d 2019-11-20  |i 3802299  |o 621.3813 BAR 2000  |p 3802299  |r 2025-01-20  |w 2019-11-20  |y BK  |k ING